000 00317nam a2200109Ia 4500
005 20251222141905.0
008 251222s9999||||xx |||||||||||||| ||spa||
082 _a324.6/O36C
245 0 _aCompendio de CasuĂ­stica Electoral para Coordinador Distrital
264 _bOficina Nacional de Procesos Electorales
942 _cLIB
999 _c8194
_d8194